[Event "Petrovskaya Ladya IM"]
[Site "Peterhof RUS"]
[Date "2007.01.11"]
[Round "11"]
[White "Kuznetsov,G"]
[Black "Khamitskiy,S"]
[Result "1/2-1/2"]
[WhiteElo "2097"]
[BlackElo "2345"]

1.Nf3 Nf6 2.c4 c5 3.Nc3 d5 4.cxd5 Nxd5 5.d4 cxd4 6.Qxd4 Nxc3 7.Qxd8+ Kxd8
8.bxc3 Nc6 9.g3 f6 10.Bg2 e5  1/2-1/2

[Event "ch-CUB Open"]
[Site "Santa Clara CUB"]
[Date "2007.01.11"]
[Round "2"]
[White "Borges Mateos,J"]
[Black "Almeida,O"]
[Result "1-0"]
[WhiteElo "2473"]
[BlackElo "2498"]

1.Nf3 Nf6 2.c4 e6 3.Nc3 c5 4.g3 b6 5.Bg2 Bb7 6.O-O Nc6 7.e4 d6 8.d4 cxd4
9.Nxd4 Rc8 10.b3 Be7 11.Ba3 a6 12.Re1 Qc7 13.Rc1 Na7 14.Nd5 exd5 15.exd5 g6
16.Qe2 Rd8 17.Rc3 Nc8 18.Re3 h5 19.Bh3 Ng4 20.Re4 O-O 21.Rxe7 Nxe7 22.Qxe7 Qxe7
23.Rxe7 Ba8 24.Ra7 b5 25.Rxa6 bxc4 26.bxc4 Ne5 27.Bf1 Rfe8 28.Bxd6 Rc8 29.Bxe5 Rxe5
30.Nf3 Ree8 31.h4 Rb8 32.Ng5 Rb1 33.Kg2 Bb7 34.Rd6 Bc8 35.c5 Bg4 36.Bd3 Rd1
37.Be4 Ra8 38.Rf6 Rxa2 39.Rxf7 Raa1 40.Kh2 Rd2 41.Bxg6 Rxd5 42.Ne4 Ra6 43.Nf6+ Rxf6
44.Rxf6 Rxc5 45.Be4 Kg7 46.Rg6+ Kf7 47.Rg5  1-0

[Event "TCh-NOR 2006-7"]
[Site "Oslo NOR"]
[Date "2007.01.12"]
[Round "4"]
[White "Ekeberg,C"]
[Black "Gabrielsen,T"]
[Result "0-1"]
[WhiteElo "2365"]
[BlackElo "2262"]

1.Nf3 Nf6 2.c4 e6 3.Nc3 c5 4.g3 b6 5.Bg2 Bb7 6.O-O Be7 7.Re1 Ne4 8.Nxe4 Bxe4
9.d3 Bb7 10.e4 d6 11.d4 cxd4 12.Nxd4 O-O 13.b3 a6 14.Bb2 Nd7 15.Qe2 Re8 16.Rad1 Qc7
17.h3 Ne5 18.f4 Nc6 19.Nc2 b5 20.Ne3 Bf8 21.Kh2 Na5 22.cxb5 axb5 23.Qxb5 Nc6
24.a3 Ba6 25.Qg5 h6 26.Qh5 Qb6 27.b4 Rac8 28.Qg4 Bb5 29.Rxd6 Rcd8 30.Rxd8 Rxd8
31.Qf3 Rd3 32.e5 Rd2 33.Bc3 Rd3 34.Bb2 Rd2 35.Bc1 Nd4 36.Qe4 Bc6 37.Bxd2 Bxe4
38.Bxe4 Nb5 39.Bc1 Qd4 40.Ng2 Qc3 41.a4 Nd4 42.b5 Qb4 43.Be3 Nb3 44.Rb1 Qxe4
45.Rxb3 Qc2 46.a5 Qxb3 47.a6 Qxb5 48.a7 Qb7 49.Ne1 Qb2+ 50.Kg1 Qa1 51.Kf2 Be7
52.Nf3 Qa2+ 53.Kf1 Kf8 54.Nd4 Ke8 55.Nb5 Kd7 56.Bb6 Bd8 57.Bc5 Kc6 58.Na3 Kb7
59.Kg1 Bb6 60.Bxb6 Qxa3 61.Bf2 Kc6 62.Kg2 Kd5 63.Bg1 Ke4 64.Bf2 Qa2 65.h4 h5
66.g4 hxg4 67.Kg3 Kf5 68.h5 Qa3+ 69.Kh2 Kxf4 70.Kg2 Qf3+ 71.Kg1 g3 72.Bb6 Kg4
73.h6 Kh3 74.a8=Q Qd1+  0-1

[Event "zt 3.3"]
[Site "Phu Quoc VIE"]
[Date "2007.01.13"]
[Round "3"]
[White "Bui Vinh"]
[Black "Nouri,H"]
[Result "1/2-1/2"]
[WhiteElo "2485"]
[BlackElo "2418"]

1.Nf3 Nf6 2.c4 c5 3.Nc3 d5 4.cxd5 Nxd5 5.g3 Nc6 6.Bg2 Nc7 7.O-O e5 8.d3 Be7
9.Nd2 O-O 10.Nc4 f6 11.f4 exf4 12.Bxf4 Be6 13.Qb3 Rb8 14.Bxc7 Qxc7 15.Bd5 Bf7
16.Bxf7+ Rxf7 17.Nd5 Qd7 18.e4 Nd4 19.Qd1 b5 20.Nce3 Bd6 21.Rc1 f5 22.exf5 Nxf5
23.Qg4 Rbf8 24.Nxf5 Rxf5 25.Rxf5 Qxf5 26.Qxf5 Rxf5 27.Nc3 a6 28.Kg2 Kf7 29.a4 b4
30.Ne4 Rd5 31.Nxd6+ Rxd6 32.Rxc5 Rxd3 33.Rc6 a5 34.Ra6 Rd2+ 35.Kh3 Rxb2 36.Rxa5 Ra2
37.Ra6 Ke7 38.a5  1/2-1/2

[Event "Open A"]
[Site "Prague CZE"]
[Date "2007.01.15"]
[Round "6"]
[White "Baryshpolets,A"]
[Black "Marholev,D"]
[Result "1-0"]
[WhiteElo "2264"]
[BlackElo "2345"]

1.Nf3 Nf6 2.c4 c5 3.Nc3 g6 4.d4 cxd4 5.Nxd4 Bg7 6.e4 d6 7.Be2 O-O 8.O-O Nc6
9.Be3 Nxd4 10.Bxd4 Be6 11.Qd2 Rc8 12.b3 Qa5 13.Rad1 Rfd8 14.f4 Bg4 15.Bxg4 Nxg4
16.Nd5 Bxd4+ 17.Qxd4 Re8 18.h3 Nf6 19.Nxe7+ Rxe7 20.Qxf6 Rxe4 21.f5 Rf8 22.fxg6 hxg6
23.Rxd6 Re2 24.Rd5 Qxa2 25.Rg5 Qc2 26.Rff5 Qd1+ 27.Kh2 Ree8 28.Rxg6+ fxg6
29.Qxg6+ Kh8 30.Qh6+  1-0

[Event "TCh-AUT 2006-7"]
[Site "Leoben AUT"]
[Date "2007.01.19"]
[Round "5"]
[White "Ruck,R"]
[Black "Rotstein,A"]
[Result "1-0"]
[WhiteElo "2531"]
[BlackElo "2545"]

1.Nf3 Nf6 2.c4 b6 3.Nc3 c5 4.e4 Bb7 5.e5 Ng8 6.d4 cxd4 7.Nxd4 Nc6 8.Bf4 g6
9.Nf3 Bg7 10.Qd2 f6 11.exf6 Nxf6 12.Be2 O-O 13.O-O d6 14.Rad1 Qd7 15.Rfe1 Rae8
16.Nd5 Kh8 17.Bh6 Nd8 18.Nxf6 Rxf6 19.Bxg7+ Kxg7 20.Ne5 Qf5 21.Ng4 Rf7 22.f3 h5
23.Nf2 Qf6 24.Bd3 Ref8 25.Be4 Bxe4 26.Nxe4 Qf5 27.Ng5 Qc5+ 28.Kh1 Qxc4 29.Nxf7 Rxf7
30.Rc1 Qxa2 31.Qd4+ Kh7 32.Rc8 Qa5 33.b4  1-0

[Event "TCh-AUT 2006-7"]
[Site "Leoben AUT"]
[Date "2007.01.19"]
[Round "5"]
[White "Baumegger,S"]
[Black "Schwarz,Mic"]
[Result "1-0"]
[WhiteElo "2418"]
[BlackElo "2402"]

1.c4 e6 2.Nc3 c5 3.Nf3 Nf6 4.g3 Nc6 5.Bg2 d5 6.cxd5 Nxd5 7.O-O Be7 8.d4 O-O
9.e4 Nb6 10.dxc5 Qxd1 11.Rxd1 Bxc5 12.e5 Nc4 13.Na4 Be7 14.Bf4 h6 15.Rac1 Nb6
16.Nxb6 axb6 17.a3 Rd8 18.Be3 Rxd1+ 19.Rxd1 b5 20.Nd4 Nxe5 21.Nxb5 Nc4 22.Bc1 Ra5
23.a4 Ra6 24.b3 Na5 25.Ba3 Bf6 26.Nd6 Ra8 27.b4 Nc6 28.b5 Nd4 29.Nxc8 Rxc8
30.Bxb7 Rc4 31.b6 Rxa4 32.Bc5 Rc4 33.Bd6 Nb5 34.Ba6 Nxd6 35.Bxc4 Nxc4 36.b7 Be5
37.f4 Na5 38.Rd8+ Kh7 39.fxe5 Nxb7 40.Rc8 Kg6 41.Kf2 f6 42.Rc7 Nd8 43.exf6 Kxf6
44.Kf3 Nf7 45.Rc1 h5 46.Rc5 g6 47.Ra5 Ne5+ 48.Ke4 Nc4 49.Ra6 Nd2+ 50.Kd3 Nf3
51.Ra2 Kf5 52.Rf2 Kg4 53.Ke3 Ne5 54.Ke4 Nd7 55.Rf7 Nc5+ 56.Kd4 Nb3+ 57.Kc3 Nc5
58.Kc4 Na4 59.Rf6 g5 60.Rxe6 Nb2+ 61.Kd4 Nd1 62.Re2 Kf3 63.Re5 Kg4 64.Re2 Kf3
65.Re5 Kg4 66.Kd3 Nf2+ 67.Ke3 Nh3 68.Ra5 h4 69.Ra4+ Kh5 70.g4+ Kg6 71.Ra6+ Kg7
72.Ke4  1-0

[Event "5th Parsvnath Open"]
[Site "New Delhi IND"]
[Date "2007.01.19"]
[Round "7"]
[White "Rahman,Zia"]
[Black "Ezat,M"]
[Result "1/2-1/2"]
[WhiteElo "2534"]
[BlackElo "2428"]

1.Nf3 Nf6 2.c4 c5 3.Nc3 d5 4.cxd5 Nxd5 5.e3 Nc6 6.Bb5 e6 7.Ne5 Qc7 8.Qa4 Nb4
9.a3 Qxe5 10.axb4 Bd7 11.bxc5 Bxc5 12.O-O Qc7 13.d4 Bd6 14.f4 O-O 15.d5 exd5
16.Nxd5 Qd8 17.Qd1 Bf5 18.Bd3 Bxd3 19.Qxd3 Nb4 20.Qb3 Nxd5 21.Qxd5 Qe7 22.Ra4 Bb4
23.f5 Rad8  1/2-1/2

[Event "Stone Flower B"]
[Site "Nizhnij Tagil RUS"]
[Date "2007.01.20"]
[Round "7"]
[White "Skurygin,A"]
[Black "Pogromsky,M"]
[Result "0-1"]
[WhiteElo "2327"]
[BlackElo "2384"]

1.c4 c5 2.Nc3 e6 3.Nf3 Nf6 4.d4 cxd4 5.Nxd4 Bb4 6.Bd2 Nc6 7.e3 O-O 8.Be2 d5
9.cxd5 Nxd4 10.exd4 Bxc3 11.bxc3 exd5 12.O-O Ne4 13.c4 Nxd2 14.Qxd2 dxc4
15.Bxc4 Qd6 16.Rad1 Bd7 17.Bb3 a5 18.Rfe1 b5 19.Re5 a4 20.Bc2 b4 21.Rh5 f5
22.d5 Rab8 23.Rh3 Rfe8 24.Re3 Qc5 25.Bb1 Rxe3 26.Qxe3 Qxe3 27.fxe3 b3 28.axb3 Rxb3
29.e4 fxe4 30.Bxe4 Rb4 31.Bd3 a3 32.Kf2 Rb2+ 33.Ke3 Rxg2 34.Ra1 a2 35.Bc4 Rxh2
36.Bxa2 Kf8 37.Kd4 Ke7 38.Kc5 Rc2+ 39.Bc4 Bf5 40.d6+ Kf6 41.Rd1 Be6 42.d7 Rxc4+
43.Kb5 Bxd7+ 44.Kxc4 Bg4 45.Rg1 Kg5 46.Kd4  0-1

[Event "Stone Flower B"]
[Site "Nizhnij Tagil RUS"]
[Date "2007.01.20"]
[Round "7"]
[White "Kaliberda,V"]
[Black "Shestakov,D"]
[Result "0-1"]
[WhiteElo "2354"]
[BlackElo "2275"]

1.c4 Nf6 2.Nc3 c5 3.Nf3 g6 4.g3 Bg7 5.Bg2 O-O 6.O-O d5 7.d3 Nc6 8.cxd5 Nxd5
9.Bd2 b6 10.Rc1 e6 11.Nxd5 exd5 12.Bc3 Be6 13.Bxg7 Kxg7 14.a3 a5 15.d4 Qe7
16.dxc5 bxc5 17.Qd2 Rfc8 18.Rfd1 Rab8 19.Qe3 Qf6 20.Rd2 Nd4 21.Rcd1 Nb3 22.Rd3 d4
23.Qe4 Bc4 24.R3d2 Nxd2 25.Nxd2 Ba6 26.b3 Qe6 27.Bf3 a4 28.b4 cxb4 29.axb4  0-1

[Event "ch-SER Qualification"]
[Site "Belgrade SER"]
[Date "2007.01.23"]
[Round "1"]
[White "Todorovic,GN"]
[Black "Rakic,Ma"]
[Result "1/2-1/2"]
[WhiteElo "2418"]
[BlackElo "2241"]

1.Nf3 Nf6 2.c4 c5 3.Nc3 e6 4.g3 b6 5.Bg2 Bb7 6.O-O Be7 7.d4 cxd4 8.Qxd4 d6
9.Rd1 a6 10.Bg5 Nbd7 11.Qd2 Qc7 12.Rac1 Rd8 13.b3 O-O 14.Bf4 Nc5 15.Qb2 Rd7
16.b4 Nce4 17.Na4  1/2-1/2

[Event "ch-Kyiv"]
[Site "Kyiv UKR"]
[Date "2007.01.24"]
[Round "5"]
[White "Babiy,P"]
[Black "Moiseev,Ig"]
[Result "1-0"]
[WhiteElo "2092"]
[BlackElo "2236"]

1.Nf3 c5 2.c4 Nf6 3.Nc3 b6 4.g3 Bb7 5.Bg2 g6 6.O-O Bg7 7.Re1 d6 8.e4 e5 9.d3 h6
10.Rf1 Nc6 11.Nh4 O-O 12.a3 Nd4 13.Be3 Kh7 14.b4 Nh5 15.Bxd4 cxd4 16.Na2 Nf4
17.Bf3 h5 18.b5 Bh6 19.Nb4 Ne6 20.Ra2 Nc5 21.a4 Bg5 22.Ng2 Kg7 23.Be2 h4
24.f4 h3 25.Ne1 exf4 26.gxf4 f5 27.fxg5 Qxg5+ 28.Kh1 fxe4 29.Nc6 Qe3 30.Nc2 Qg5
31.Rg1 Qh4 32.N2xd4 exd3 33.Bxd3 Rf6 34.Nf5+ Rxf5 35.Bxf5 Re8 36.Bxg6 Re5
37.Qxd6 Rg5 38.Qe7+ Kxg6 39.Rxg5+ Qxg5 40.Qxg5+ Kxg5 41.Ra3 a5 42.Kg1 Bc8
43.Ne7 Be6 44.Nd5 Bxd5 45.cxd5 Kf6 46.Rxh3 Nxa4 47.Re3 Nc5 48.d6 a4 49.h4 Kf5
50.Kg2 Kg4 51.Rc3 a3 52.Rxc5  1-0

[Event "ch-SER Qualification"]
[Site "Belgrade SER"]
[Date "2007.01.25"]
[Round "3"]
[White "Tadic,B"]
[Black "Govedarica,R"]
[Result "1-0"]
[WhiteElo "2496"]
[BlackElo "2402"]

1.Nf3 Nf6 2.c4 c5 3.Nc3 d5 4.cxd5 Nxd5 5.d4 e6 6.e4 Nxc3 7.bxc3 cxd4 8.cxd4 Bb4+
9.Bd2 Bxd2+ 10.Qxd2 O-O 11.Bc4 Nd7 12.O-O b6 13.Rfe1 Bb7 14.Rad1 Rc8 15.Bd3 Qe7
16.Qf4 Rfd8 17.e5 Bxf3 18.Qxf3 Nf8 19.Re4 Rc3 20.h4 Rdc8 21.g3 Qb7 22.Qe3 Qc6
23.Kh2 Rc1 24.Rxc1 Qxc1 25.Qf3 Qc6 26.Qe2 h6 27.Rf4 Rc7 28.Be4 Qc4 29.Qf3 Qb5
30.g4 Qe8 31.g5 hxg5 32.hxg5 Ng6 33.Bxg6 fxg6 34.d5 Rc5 35.d6 Rd5 36.Qe3 Qc6
37.Qf3 Qe8 38.Rc4 Rxe5 39.Qb7 Kh7 40.d7 Qf8 41.Rh4+ Kg8 42.Qc8 Rf5 43.f4 Rd5
44.Rh8+ Kxh8 45.Qxf8+  1-0

[Event "ch-SER Qualification"]
[Site "Belgrade SER"]
[Date "2007.01.28"]
[Round "6"]
[White "Todorovic,GN"]
[Black "Pap,M"]
[Result "0-1"]
[WhiteElo "2418"]
[BlackElo "2475"]

1.Nf3 c5 2.c4 Nf6 3.Nc3 e6 4.g3 b6 5.Bg2 Bb7 6.O-O Be7 7.b3 O-O 8.Bb2 d6
9.e3 a6 10.d4 cxd4 11.Nxd4 Bxg2 12.Kxg2 Qc8 13.f4 Rd8 14.Qf3 Ra7 15.g4 Nfd7
16.Rfd1 Rc7 17.Rac1 Nf8 18.g5 Nbd7 19.h4 Ng6 20.Kg3 Nc5 21.h5 Nf8 22.b4 Ncd7
23.Na4 Re8 24.Qe2 Nb8 25.b5 e5 26.Nxb6 Qb7 27.Nd5 exd4 28.Bxd4 Ne6 29.Ba1 Rc5
30.h6 Nd7 31.hxg7 Nc7 32.Rh1 Nxd5 33.Rxh7 N5f6 34.gxf6 Kxh7 35.fxe7 Qe4 36.Qh2+ Kg6
37.Rg1 Qxe3+ 38.Kg2 Rh5 39.Kf1+ Kh6 40.Qg3 Qc1+ 41.Kf2 Qc2+ 42.Kf3 Qg6 43.Qxg6+ fxg6
44.Rd1 d5 45.bxa6 Kh7 46.Rb1 dxc4 47.Rb7 Nc5 48.Rc7 Nxa6 49.Rd7 Rh3+ 50.Kg4 Rd3
51.Bd4 c3 52.Rd8 Nc7  0-1

[Event "ch-Kyiv"]
[Site "Kyiv UKR"]
[Date "2007.01.29"]
[Round "10"]
[White "Babiy,P"]
[Black "Kruglyakov,P"]
[Result "0-1"]
[WhiteElo "2092"]
[BlackElo "2289"]

1.Nf3 Nf6 2.c4 c5 3.Nc3 e6 4.g3 b6 5.Bg2 Bb7 6.O-O Be7 7.Re1 d6 8.e4 a6 9.d4 cxd4
10.Nxd4 Qc7 11.Be3 O-O 12.Rc1 Nbd7 13.f4 Rfe8 14.Bf2 h6 15.h3 Rac8 16.b3 Nh7
17.Qd2 Qb8 18.Na4 Bf8 19.Rcd1 Ba8 20.Qe3 b5 21.cxb5 axb5 22.Nc3 b4 23.Na4 Nhf6
24.g4 e5 25.Nf5 g6 26.Ng3 d5 27.fxe5 Nxe5 28.exd5 Nexg4 29.Qb6 Nxf2 30.Qxf2 Rxe1+
31.Qxe1 Rc2 32.Ne2 Rxa2 33.Rd2 Rxd2 34.Qxd2 Qe5 35.Nf4 Bd6 36.Nxg6 fxg6 37.Qxh6 Qe1+
38.Bf1 Qg3+ 39.Bg2 Bxd5 40.Qd2 Bxg2 41.Qxg2 Qe1+ 42.Qf1 Bh2+ 43.Kg2 Qg3+
44.Kh1 Ne4 45.Qc4+ Kg7 46.Qd4+ Kh7  0-1

[Event "75th Ambelokipi Open"]
[Site "Athens GRE"]
[Date "2007.01.31"]
[Round "6"]
[White "Filippas,S"]
[Black "Khetsuriani,B"]
[Result "0-1"]
[WhiteElo "2105"]
[BlackElo "2361"]

1.Nf3 Nf6 2.c4 c5 3.Nc3 b6 4.g3 Bb7 5.Bg2 e6 6.O-O Be7 7.b3 O-O 8.Bb2 d6
9.d4 cxd4 10.Nxd4 Bxg2 11.Kxg2 Qc7 12.e3 a6 13.Rc1 Nbd7 14.Qe2 Rfe8 15.Rfd1 Rac8
16.Kg1 Ne5 17.Qf1 h6 18.Qg2 Bf8 19.Rc2 Qb8 20.Rcd2 Qc7 21.Nde2 Red8 22.h3 Be7
23.Nd4 Nc6 24.Nxc6 Qxc6 25.Qxc6 Rxc6 26.Rd3 Kf8 27.Kg2 Rdc8 28.R1d2 Ke8 29.Kf3 Kf8
30.Ke2 Ne8 31.a4 Nf6 32.Ba3 Rd8 33.Kf3 Nd7 34.Ke2 Nc5 35.Bxc5 Rxc5 36.Ne4 Rc6
37.g4 g6 38.f4 f5 39.gxf5 gxf5 40.Nc3 Kf7 41.Na2 Ra8 42.Kf3 Rcc8 43.Nc3 Rg8
44.e4 Rg1 45.exf5 exf5 46.Rg2 Rf1+ 47.Rf2 Rh1 48.Kg2 Rc1 49.Kh2 Rg8 50.Rg2 Rxg2+
51.Kxg2 Rc2+ 52.Kg3 h5 53.h4 Rc1 54.Nd1 Ke6 55.Rd5 b5 56.axb5 axb5 57.Ne3 bxc4
58.bxc4 Rxc4 59.Rxd6+ Kxd6 60.Nxc4+ Kd5 61.Ne5 Ke4 62.Nf3 Bd6 63.Ng5+ Ke3
64.Ne6 Bb8 65.Ng7 Bxf4+ 66.Kh3 Ke4 67.Nxh5 Be5 68.Kg2 Ke3  0-1

[Event "ch-SER Qualification"]
[Site "Belgrade SER"]
[Date "2007.01.31"]
[Round "9"]
[White "Tadic,B"]
[Black "Pap,M"]
[Result "1/2-1/2"]
[WhiteElo "2496"]
[BlackElo "2475"]

1.Nf3 c5 2.c4 Nf6 3.Nc3 e6 4.g3 b6 5.Bg2 Bb7 6.O-O Be7 7.d4 cxd4 8.Qxd4 d6
9.Rd1 a6 10.b3 Nbd7 11.e4 Qc7 12.Ba3 Nc5 13.e5 dxe5 14.Qxe5 Qc8 15.Qe2 Ra7
16.Ne5 O-O 17.Bc1 Ncd7 18.Bf4 Bxg2 19.Kxg2 Nxe5 20.Bxe5 Nd7 21.Bd4 Rc7 22.Rd3 b5
23.cxb5 axb5 24.Nxb5  1/2-1/2

[Event "Zima Rating Tournament"]
[Site "St Petersburg RUS"]
[Date "2007.02.08"]
[Round "9"]
[White "Gorjunov,S2"]
[Black "Nikitin,Alek"]
[Result "0-1"]
[WhiteElo "2102"]
[BlackElo "2225"]

1.c4 c5 2.Nf3 Nf6 3.Nc3 e6 4.g3 b6 5.Bg2 Bb7 6.O-O a6 7.d4 cxd4 8.Qxd4 Be7
9.e4 d6 10.Be3 Nbd7 11.h3 O-O 12.Rfd1 Qc7 13.Rac1 Rfd8 14.b3 Rac8 15.Kh2 Qb8
16.Ne1 Bc6 17.Nc2 Qa8 18.f3 h6 19.Bg1 Bf8 20.Qd2 b5 21.Nb4 bxc4 22.Nxc6 Qxc6
23.f4 Qc7 24.Na4 d5 25.e5 Ne8 26.Rc2 Ba3 27.bxc4 Qc6 28.Qa5 Rb8 29.Nb6 Nxb6
30.Bxb6 Qxb6 31.Qxa3 dxc4 32.Rxd8 Rxd8 33.Qe7 Rc8 34.f5 Qc7 35.Qxc7 Rxc7
36.fxe6 fxe6 37.Bf1 c3 38.Bxa6 Rc5 39.a4 Nc7 40.Bb7 Nd5 41.a5 Nb4 42.Rc1 Rxa5
43.Rxc3 Rxe5 44.Kg2 Kf7 45.g4 Nd5 46.Rf3+ Nf6 47.Kg3 Rb5 48.Ba6 Rb4 49.Bd3 e5
50.Bf5 g6 51.Bc8 Rc4 52.Bb7 Ke6 53.Ra3 Ne8 54.Ra6+ Nd6 55.Bc6 g5 56.Be8 Rc3+
57.Kg2 e4 58.Bg6 Ke5 59.Ra5+ Kf4 60.Ra6 Rc2+ 61.Kg1 Nc4 62.Rf6+ Kg3 63.Bxe4 Rc1+
64.Rf1 Rxf1+ 65.Kxf1  0-1

[Event "3rd ch-Sudamericano U20"]
[Site "Buenos Aires ARG"]
[Date "2007.02.10"]
[Round "8"]
[White "Goldwaser,C"]
[Black "Mareco,S"]
[Result "1/2-1/2"]
[WhiteElo "2374"]
[BlackElo "2356"]

1.Nf3 Nf6 2.c4 c5 3.Nc3 d5 4.cxd5 Nxd5 5.d4 e6 6.e4 Nxc3 7.bxc3 cxd4 8.cxd4 Bb4+
9.Bd2 Bxd2+ 10.Qxd2 O-O 11.Bc4 Nc6 12.O-O b6 13.Rad1 Bb7 14.Rfe1 Rc8 15.Qf4 Ne7
16.Bb3 Ng6 17.Qg4 Qf6 18.d5 exd5 19.e5 Qe6 20.Qh5 Ne7 21.Nd4 Qg6 22.Qh3 Rc7
23.Bc2 Bc8 24.Qb3 Qh5 25.Nb5 Rb7 26.Qc3 Be6 27.Nd6 Rd7 28.h3 Ng6 29.Qg3 Qh6
30.Bb3 Qf4 31.Qxf4 Nxf4 32.Rd4 Ng6 33.f4 f6 34.exf6 Rxd6 35.Rxe6 Rxe6 36.Bxd5 Rxf6
37.f5 Nf8 38.fxe6 Nxe6 39.Rc4 Kf8 40.Rc6 Nc5 41.Rc8+ Ke7 42.Bg8  1/2-1/2

[Event "TCh-BEL 2006-7"]
[Site "Belgium BEL"]
[Date "2007.02.11"]
[Round "8"]
[White "Kritz,L"]
[Black "Winants,L"]
[Result "1-0"]
[WhiteElo "2597"]
[BlackElo "2516"]

1.Nf3 Nf6 2.c4 c5 3.Nc3 d5 4.cxd5 Nxd5 5.e3 Nxc3 6.bxc3 g6 7.Bc4 Bg7 8.h4 Nc6
9.d4 cxd4 10.cxd4 O-O 11.Bb2 b5 12.Bd3 Na5 13.h5 Nc4 14.Bc3 Bb7 15.Rc1 Rc8
16.Qe2 Qd7 17.e4 Rc7 18.d5 Ne5 19.Nxe5 Bxe5 20.Bd2 Rxc1+ 21.Bxc1 e6 22.hxg6 hxg6
23.Qe3 Rc8 24.Qh6 Rxc1+ 25.Qxc1 exd5 26.Qc5 a6 27.O-O Qd6 28.Qxd6 Bxd6 29.Rd1 Be5
30.exd5 Bxd5 31.Bxb5 Bxa2 32.Bxa6 Kg7 33.Bb7 Be6 34.g3 g5 35.Bd5 Bf5 36.Kg2 Bf6
37.Kf3 Be5 38.g4 Bc8 39.Re1 Kf6 40.Re3  1-0

[Event "TCh-BEL 2006-7"]
[Site "Belgium BEL"]
[Date "2007.02.11"]
[Round "8"]
[White "Verduyn,P"]
[Black "De Haan,E"]
[Result "0-1"]
[WhiteElo "2163"]
[BlackElo "2307"]

1.Nf3 c5 2.c4 Nf6 3.Nc3 b6 4.g3 Bb7 5.Bg2 g6 6.O-O Bg7 7.d3 O-O 8.Rb1 Nc6
9.a3 d5 10.cxd5 Nxd5 11.Nxd5 Qxd5 12.Nd2 Qd7 13.b4 cxb4 14.axb4 Nd4 15.Bxb7 Qxb7
16.Bb2 Rfd8 17.Nb3 Nb5 18.Bxg7 Kxg7 19.Qd2 Qd5 20.Qb2+ f6 21.Rfc1 Rac8 22.Nd2 Nd4
23.Nc4 Qh5 24.Re1 Qh3 25.Ne3 h5 26.Rbc1 h4 27.g4 e5 28.Qa2 Kh6 29.Qd2 Kg7
30.Qa2 a6 31.f3 f5 32.Rxc8 Rxc8 33.Kh1 Kh6 34.Qd2 f4 35.Nc4 g5 36.Na3 b5
37.Kg1 Qxf3 38.exf3 Nxf3+ 39.Kf2 Nxd2 40.Rxe5 Rc6 41.Rc5 Re6 42.Nc2 Rd6 43.Rc3 Nb1
44.Rb3 Rc6 45.Nd4 Rc1 46.h3 Nc3 47.Kf3 Kg6 48.Ne6 Nd5 49.Ke4 Nf6+ 50.Kf3 Rg1
51.Nxf4+ gxf4 52.Kxf4 Rg3 53.Ke5 Rxh3 54.Ra3 Re3+ 55.Kd6 h3 56.Rxa6 h2 57.Ra1 Rxd3+
58.Ke5 Kg5  0-1

[Event "V Breizh Masters GM"]
[Site "Guingamp FRA"]
[Date "2007.02.16"]
[Round "1"]
[White "Spiridonov,Niko1"]
[Black "Terrieux,K"]
[Result "1/2-1/2"]
[WhiteElo "2365"]
[BlackElo "2332"]

1.Nf3 Nf6 2.c4 c5 3.Nc3 d5 4.cxd5 Nxd5 5.Nxd5 Qxd5 6.g3 Bd7 7.Bg2 Bc6 8.O-O g6
9.d4 Bg7 10.dxc5 Qxc5 11.Be3 Qa5 12.Bd4 Bxd4 13.Qxd4 O-O 14.b4 Qa4 15.Rab1 Nd7
16.b5 Qxd4 17.Nxd4 Bxg2 18.Kxg2 Rfc8 19.Rfd1 Nb6 20.Rb4 Rc3 21.Rb2 Rc4 22.Rdd2 Rd8
23.Rd3 Rc5 24.a4 Rcd5 25.Nb3 Rxd3 26.exd3 Nxa4 27.Ra2 Rxd3 28.Na5 Nc5 29.Nc4 Rd4
30.Ne3 Ra4 31.Rd2 e6 32.Rd8+ Kg7 33.Rc8 Ne4 34.Rc7 Nd6 35.Rd7 Rd4 36.f4 Kf8
37.Ng4 Nxb5 38.Rxb7 a6 39.Ne5 Nd6 40.Ra7 Rd2+ 41.Kg1 Ra2 42.Rd7 f6 43.Rxd6 fxe5
44.fxe5 Ke7 45.Rb6 Kd7 46.Rd6+ Ke7 47.Rb6 Kd7 48.Rd6+ Ke7  1/2-1/2

[Event "Magistral I"]
[Site "Necochea ARG"]
[Date "2007.02.17"]
[Round "5"]
[White "Granara Barreto,S"]
[Black "Real de Azua,E"]
[Result "0-1"]
[WhiteElo "2253"]
[BlackElo "2437"]

1.c4 Nf6 2.Nf3 e6 3.Nc3 c5 4.g3 b6 5.Bg2 Bb7 6.O-O Be7 7.Re1 d6 8.e4 Nbd7
9.d4 cxd4 10.Nxd4 Qc7 11.Be3 Rc8 12.Rc1 Qb8 13.b3 Nc5 14.f3 a6 15.g4 h6 16.Qd2 g5
17.Bf2 Ncd7 18.Bg3 Ne5 19.Rcd1 Nfd7 20.Rf1 h5 21.h3 Ba8 22.a4 Qc7 23.Bf2 hxg4
24.fxg4 d5 25.Ndb5 axb5 26.Nxb5 Qb8 27.cxd5 exd5 28.exd5 Rxh3 29.Rfe1 Rd3
30.Qe2 Rxd1 31.Rxd1 Kf8 32.Qe4 Nf6 33.Qf5 Nexg4 34.d6 Bd8 35.Bxa8 Qxa8 36.d7 Rc6
37.Be1 Be7 38.Bb4 Qd8 39.Bxe7+ Kxe7 40.Qxg5 Rc5 41.Re1+ Kxd7 42.Rd1+ Ke7
43.Qxc5+ bxc5 44.Rxd8 Kxd8 45.a5 Nd5 46.Nd6 Ne5 47.Nb7+ Kc7 48.Nxc5 Nc6 49.a6 Kb6
50.a7 Nxa7 51.Nd7+ Kc7 52.Ne5 f5 53.Nf3 Kd6 54.Nd4 Ke5 55.Nxf5 Kxf5 56.Kf2 Nb4
57.Ke3 Nb5 58.Kf3 Nd4+ 59.Ke3 Ke5 60.Kd2 Kd5 61.Ke3 Ne6 62.Kf3 Kd4 63.Ke2 Ng5
64.Kd2 Nf3+ 65.Ke2 Ke4 66.Kf2 Nd4 67.Kg3 Kf5 68.Kh4 Ne2 69.Kh3 Kf4 70.Kh4 Ng3
71.Kh3 Nf5 72.Kg2 Ke3 73.Kf1 Nd4 74.Kg2 Nb5 75.Kf1 Kf3 76.Ke1 Nd6 77.Kd2 Nb5
78.Ke1 Ke3 79.Kf1 Nd3 80.Kg2 Kf4 81.Kh3 Ne1 82.Kh4 Ng2+ 83.Kh5 Kf5 84.Kh6 Nf4
85.Kg7 Ke6 86.Kf8 Nd6 87.Kg7 Ke7 88.b4 Nb5 89.Kg8 Ne6 90.Kh7 Kf6 91.Kh6 Ng7
92.Kh7 Nf5 93.Kg8 Ke7 94.Kh7 Kf7 95.Kh8 Nbd6 96.b5 Ne8 97.b6 Nf6 98.b7 Ne7  0-1

[Event "US Amateur Team East"]
[Site "Parsippany USA"]
[Date "2007.02.17"]
[Round "1"]
[White "Chernin,O"]
[Black "Lu,E"]
[Result "0-1"]
[WhiteElo "2162"]
[BlackElo "2116"]

1.c4 Nf6 2.Nc3 c5 3.Nf3 b6 4.g3 Bb7 5.Bg2 e6 6.O-O Be7 7.d4 cxd4 8.Qxd4 d6
9.Rd1 a6 10.b3 Nbd7 11.Bb2 Qc7 12.Rac1 O-O 13.Bh3 Qc5 14.Qxc5 Nxc5 15.Nd4 Rac8
16.Bg2 Nfe4 17.Nxe4 Nxe4 18.f3 Nc5 19.e4 Rfd8 20.Rc2 g6 21.Re2 Bf8 22.Nc2 b5
23.Ne3 Be7 24.Red2 h5 25.Kf2 Kf8 26.Bf1 b4 27.Nc2 a5 28.Nd4 Bg5 29.Re2 Ba6
30.h4 Be7 31.Red2 a4 32.Bd3 axb3 33.axb3 e5 34.Nb5 Nxb3 35.Re2 Nc5 36.Bb1 Bxb5
37.cxb5 Rb8 38.Red2 Rdc8 39.Rd5 Rxb5 40.Rc1 Rbb8 41.Re1 Na4 42.Re2 f6 43.Ra5 Nc3
44.Bxc3 Rxc3 45.Ra6 b3 46.Rb2 Rbc8 47.Rd2 Rb8 48.Rb2 Bd8 49.Rxd6 Bb6+ 50.Kg2 Bd4
51.Rd2 Ke7 52.Ra6 Rc1 53.Bd3 b2 54.Ra3 b1=Q 55.Bxb1 Rbxb1 56.Rad3 Rh1 57.f4 Rbg1+
58.Kf3 Rh3 59.Rg2 Rf1+ 60.Ke2 Rhh1 61.fxe5 fxe5 62.Rb3 Re1+ 63.Kd3 Re3+ 64.Kc4 Rc1+
65.Kb4 Bc5+  0-1

[Event "14th Belisce Metalis Open"]
[Site "Bizovac CRO"]
[Date "2007.02.24"]
[Round "6"]
[White "Milanovic,Da"]
[Black "Pap,M"]
[Result "0-1"]
[WhiteElo "2519"]
[BlackElo "2475"]

1.Nf3 Nf6 2.c4 c5 3.Nc3 b6 4.g3 Bb7 5.Bg2 e6 6.O-O Be7 7.b3 O-O 8.Bb2 a6
9.e3 d6 10.d4 cxd4 11.Nxd4 Bxg2 12.Kxg2 Ra7 13.f4 Rc7 14.Qf3 Qc8 15.Rac1 Nc6
16.Nde2 Qb7 17.g4 b5 18.g5 Nd7 19.cxb5 axb5 20.Rfd1 Nc5 21.Nd4 b4 22.Nxc6 Rxc6
23.Na4 d5 24.Nxc5 Rxc5 25.Bd4 Rc6 26.Qe2 Rfc8 27.Qb2 Qc7 28.Rxc6 Qxc6 29.Rd2 e5
30.Bxe5 d4+ 31.Kg3 dxe3 32.Re2 f6 33.Rxe3 fxe5 34.Qxe5 Bf8 35.h4 Ra8 36.Re2 Qc3+
37.Kg4 Qxe5 38.fxe5 g6 39.h5 Ra6 40.h6 Rc6 41.Rf2 Be7 42.Rd2 Rc5 43.Kf4 Kf7
44.Rd7 Ke6 45.Ra7 Rc1 46.Ra6+ Kd5 47.Ra5+ Bc5 48.a3 bxa3 49.b4 Rc4+  0-1

[Event "23rd Open"]
[Site "Cappelle la Grande FRA"]
[Date "2007.03.04"]
[Round "2"]
[White "Bogner,S"]
[Black "Oleksienko,M"]
[Result "1-0"]
[WhiteElo "2331"]
[BlackElo "2541"]

1.Nf3 Nf6 2.c4 c5 3.Nc3 d5 4.cxd5 Nxd5 5.d4 Nxc3 6.bxc3 cxd4 7.cxd4 e5 8.dxe5 Qxd1+
9.Kxd1 Nc6 10.e3 Bb4 11.Bb5 Bc3 12.Rb1 Be6 13.Ba3 Bxa2 14.Rc1 O-O-O+ 15.Ke2 Rd5
16.Bd3 Bxe5 17.e4 Ra5 18.Bb4 Ra4 19.Nxe5 Rxb4 20.Nxc6 bxc6 21.Rxc6+ Kb8 22.Rhc1 Rb6
23.Ba6 Be6 24.Ke3 Rd8 25.R1c3 Bd7 26.Rxb6+ axb6 27.Bc4 Rc8 28.Rd3 Rxc4 29.Rxd7 Rc7
30.Rd6 Ka7 31.f4 b5 32.Kd3 Kb7 33.g3 g6 34.g4 Kc8 35.Rd5 Rb7 36.Kc3 Rc7+
37.Kd4 Rc4+ 38.Ke5 b4 39.Rb5 Kd7 40.Kd5 Rc2 41.Rxb4 Rxh2 42.Ke5 Rh4 43.g5 Ke7
44.Rb7+ Ke8 45.f5 Rg4 46.Kd6 f6 47.e5 fxe5 48.Ke6 Kd8 49.f6 Ra4 50.Rd7+  1-0

[Event "39th WGM"]
[Site "Belgrade/Lazarevac SRB"]
[Date "2007.03.07"]
[Round "4"]
[White "Chelushkina,I"]
[Black "Rakic,Ma"]
[Result "0-1"]
[WhiteElo "2338"]
[BlackElo "2241"]

1.c4 Nf6 2.Nc3 c5 3.Nf3 e6 4.d4 cxd4 5.Nxd4 a6 6.Nc2 d6 7.e4 Nbd7 8.Be2 b6
9.O-O Bb7 10.f3 Be7 11.Be3 O-O 12.Rc1 Qc7 13.Nd4 Rac8 14.a4 Qb8 15.Nb3 Bd8
16.Qe1 Bc7 17.Qh4 Ne5 18.Nd2 Ng6 19.Qh3 d5 20.g3 dxe4 21.fxe4 Qa8 22.Nf3 Bxe4
23.Ng5 h6 24.Ncxe4 Nxe4 25.Nxf7 Rxf7 26.Qxe6 Nf6 27.Bf3 Re8 28.Qxf7+ Kxf7
29.Bd5+ Kf8 30.Bxa8 Rxe3 31.b4 Ne5 32.b5 a5 33.c5 Nd3 34.cxb6 Bxb6 35.Rc6 Bd4
36.Kh1 Re8 37.Rc4 Bb6 38.Bf3 Ne5 39.Rc3 Kg8 40.Bc6 Rd8 41.h3 Rd4 42.Rf5 Rd1+
43.Kh2 Nd3 44.Kg2 h5 45.Bb7 Bd4 46.Rc4 Ne1+ 47.Kf1 Nf3+  0-1

[Event "ch-SRB"]
[Site "Vrsac SRB"]
[Date "2007.03.07"]
[Round "4"]
[White "Stojanovic,Mih"]
[Black "Vuckovic,Bo"]
[Result "1/2-1/2"]
[WhiteElo "2576"]
[BlackElo "2551"]

1.c4 Nf6 2.Nc3 c5 3.Nf3 e6 4.e4 Nc6 5.Be2 e5 6.d3 d6 7.O-O g6 8.Nd5 Bg7 9.a3 a5
10.Bd2 O-O 11.Bg5 Be6 12.Qd2 Nb8 13.b4 Bxd5 14.cxd5 axb4 15.axb4 Na6 16.bxc5 Nxc5  1/2-1/2